Age of AI (Record no. 3955)

MARC details
000 -LEADER
fixed length control field 00464nam a22001817a 4500
003 - CONTROL NUMBER IDENTIFIER
control field OSt
005 - DATE AND TIME OF LATEST TRANSACTION
control field 20260308170352.0
008 - FIXED-LENGTH DATA ELEMENTS--GENERAL INFORMATION
fixed length control field 260308b |||||||| |||| 00| 0 eng d
020 ## - INTERNATIONAL STANDARD BOOK NUMBER
International Standard Book Number 9781529375992
082 ## - DEWEY DECIMAL CLASSIFICATION NUMBER
Classification number 006.301
Item number KISA
100 ## - MAIN ENTRY--PERSONAL NAME
Personal name Kissinger, Henry; Schmidt, Eric & Huttenlocher, Daniel
245 ## - TITLE STATEMENT
Title Age of AI
260 ## - PUBLICATION, DISTRIBUTION, ETC.
Place of publication, distribution, etc. Uk
Name of publisher, distributor, etc. Hachette Book Publishing
Date of publication, distribution, etc. 2022
300 ## - PHYSICAL DESCRIPTION
Extent 266p
546 ## - LANGUAGE NOTE
Language note English
650 ## - SUBJECT ADDED ENTRY--TOPICAL TERM
Topical term or geographic name entry element Computer Science
942 ## - ADDED ENTRY ELEMENTS (KOHA)
Source of classification or shelving scheme Dewey Decimal Classification
Koha item type Book
Holdings
Withdrawn status Lost status Source of classification or shelving scheme Damaged status Not for loan Collection code Home library Current library Shelving location Date acquired Source of acquisition Cost, normal purchase price Inventory number Total Checkouts Full call number Barcode Date last seen Date last checked out Price effective from Koha item type
    Dewey Decimal Classification     Non-fiction RIC Library RIC Library General Stacks 03/08/2026 M/s Midland Books 899.00 MID003022364/28.02.2026 1 006.301 KISA 003233 04/08/2026 04/04/2026 03/08/2026 Book

Venue

Rajasthan International Centre
Sansthan Path,JLN Marg, Jaipur- 302017
Phone: +91-7230904025